Teaching for quality learning at university : What the student does
This is an accessible, jargon-free guide to all university teachers interested in enhancing their teaching and their students' learning, and for administrators and teaching developers who are involved in teaching-related decisions on an institutional basis.
Đã lưu trong:
| 主要作者: | |
|---|---|
| 格式: | 图书 |
| 语言: | Undetermined |
| 出版: |
Buckingham
Society for Research into Higher Education
2003
|
| 主题: | |
| 标签: |
添加标签
没有标签, 成为第一个标记此记录!
|
| Thư viện lưu trữ: | Trung tâm Học liệu Trường Đại học Cần Thơ |
|---|
| LEADER | 00888nam a2200205Ia 4500 | ||
|---|---|---|---|
| 001 | CTU_141697 | ||
| 008 | 210402s9999 xx 000 0 und d | ||
| 082 | |a 378.125 | ||
| 082 | |b B592 | ||
| 100 | |a Biggs, John B. | ||
| 245 | 0 | |a Teaching for quality learning at university : | |
| 245 | 0 | |b What the student does | |
| 245 | 0 | |c John Biggs | |
| 260 | |a Buckingham | ||
| 260 | |b Society for Research into Higher Education | ||
| 260 | |c 2003 | ||
| 520 | |a This is an accessible, jargon-free guide to all university teachers interested in enhancing their teaching and their students' learning, and for administrators and teaching developers who are involved in teaching-related decisions on an institutional basis. | ||
| 650 | |a Sinh viên Cao đẳng,Sự học tập,College students,Learning | ||
| 904 | |i Trọng Hải | ||
| 980 | |a Trung tâm Học liệu Trường Đại học Cần Thơ | ||